01185nam a2200193Ia 4500001001100000003001000011008004100021040002500062041003400087100004900121245004500170250001100215260007700226300001200303500026200315501011400577520026200691650003800953P201-307/bIT-CnALBA170116s9999||||xx |||||||||||||| ||und|| aIT-CnALBAcIT-CnALBA aITALIANO - SPAGNOLO - INGLESE aSegretariato Casa Generalizia ROMAgcuratore 0aINDIRIZZI DELLA FAMIGLIA PAOLINA. 1998.  a1a ed. aROMAbSOCIETÀ San Paolo Segreteria Generale ROMA'c1997 [1° Ed.:1997] a264 p.  aUso Manoscritto. Contiene:Uso Tabella per Telefono e Fax e Telex. Teleselezione Internazionale. Indice - Sommario # Indirizzario SOCIETÀ San Paolo nel mondo. # Indirizzario Figlie di San Paolo nel mondo. # Indirizzario Pie Discepole del Divin Maestro. # I aSocietà San Paolo EM - Piazza San Paolo, 14 - 12051 ALBA (CN) (non commercial uses only) ® Copyright 2017 aUso Manoscritto. Contiene:Uso Tabella per Telefono e Fax e Telex. Teleselezione Internazionale. Indice - Sommario # Indirizzario SOCIETÀ San Paolo nel mondo. # Indirizzario Figlie di San Paolo nel mondo. # Indirizzario Pie Discepole del Divin Maestro. # I aPaolinità: Indirizzario Paolino